<?xml version="1.0" encoding="UTF-8"?>
<record
    xmlns:xsi="http://www.w3.org/2001/XMLSchema-instance"
    xsi:schemaLocation="http://www.loc.gov/MARC21/slim http://www.loc.gov/standards/marcxml/schema/MARC21slim.xsd"
    xmlns="http://www.loc.gov/MARC21/slim">

  <leader>00953nam a22002537a 4500</leader>
  <controlfield tag="005">20120111114018.0</controlfield>
  <datafield tag="020" ind1=" " ind2=" ">
    <subfield code="a">8121933277</subfield>
    <subfield code="c">99.00</subfield>
  </datafield>
  <datafield tag="020" ind1=" " ind2=" ">
    <subfield code="a">9788121933278</subfield>
    <subfield code="c">99.00</subfield>
  </datafield>
  <datafield tag="037" ind1=" " ind2=" ">
    <subfield code="b">Pub</subfield>
  </datafield>
  <datafield tag="082" ind1="0" ind2="0">
    <subfield code="a">621.8078</subfield>
    <subfield code="2">22</subfield>
  </datafield>
  <datafield tag="100" ind1="1" ind2=" ">
    <subfield code="a">Richards, Jon,</subfield>
    <subfield code="d">1970-</subfield>
    <subfield code="9">38870</subfield>
  </datafield>
  <datafield tag="245" ind1="1" ind2="0">
    <subfield code="a">Forces &amp; simple machines /</subfield>
    <subfield code="c">Jon Richards.</subfield>
  </datafield>
  <datafield tag="246" ind1="3" ind2=" ">
    <subfield code="a">Forces and simple machines</subfield>
  </datafield>
  <datafield tag="260" ind1=" " ind2=" ">
    <subfield code="a">Rudrapur :</subfield>
    <subfield code="b">Nirja Publisher &amp; Distributors</subfield>
    <subfield code="c">2010.</subfield>
  </datafield>
  <datafield tag="270" ind1=" " ind2=" ">
    <subfield code="b">Rudra Pur</subfield>
  </datafield>
  <datafield tag="300" ind1=" " ind2=" ">
    <subfield code="a">32 p. :</subfield>
    <subfield code="b">col. ill. ;</subfield>
    <subfield code="c">29 cm. (Pbk)</subfield>
  </datafield>
  <datafield tag="490" ind1="0" ind2=" ">
    <subfield code="a">Science factory</subfield>
    <subfield code="9">38871</subfield>
  </datafield>
  <datafield tag="500" ind1=" " ind2=" ">
    <subfield code="a">Includes index.</subfield>
  </datafield>
  <datafield tag="650" ind1=" " ind2="0">
    <subfield code="a">Simple machines</subfield>
    <subfield code="v">Juvenile literature.</subfield>
    <subfield code="9">38872</subfield>
  </datafield>
  <datafield tag="856" ind1="4" ind2="1">
    <subfield code="3">Table of contents only</subfield>
  </datafield>
  <datafield tag="942" ind1=" " ind2=" ">
    <subfield code="2">ddc</subfield>
    <subfield code="c">EN</subfield>
    <subfield code="h">621.8078</subfield>
    <subfield code="m">FOR</subfield>
  </datafield>
  <datafield tag="999" ind1=" " ind2=" ">
    <subfield code="c">60694</subfield>
    <subfield code="d">60694</subfield>
  </datafield>
  <datafield tag="952" ind1=" " ind2=" ">
    <subfield code="0">0</subfield>
    <subfield code="1">0</subfield>
    <subfield code="4">0</subfield>
    <subfield code="7">-1</subfield>
    <subfield code="8">NFIC</subfield>
    <subfield code="a">AG</subfield>
    <subfield code="b">AG</subfield>
    <subfield code="d">2012-01-11</subfield>
    <subfield code="g">99.00</subfield>
    <subfield code="l">0</subfield>
    <subfield code="o">621.8078 FOR</subfield>
    <subfield code="r">2012-01-11 00:00:00</subfield>
    <subfield code="v">99.00</subfield>
    <subfield code="w">2012-01-11</subfield>
    <subfield code="y">EN</subfield>
  </datafield>
</record>
